The Universal register of Europaen Exports.

Bibliographic Details
Format: Book
Published: West Germany: Friedrich Reber KG, 1988.
Subjects:
LEADER 00436cam a2200157 7i4500
001 0000001483
005 19991025090000.0
002 ##000002211
020 0 0 |a T000002216  
090 0 0 |a REF 000.07 50 000   |b UNI 
245 0 4 |a The Universal register of Europaen Exports. 
260 0 0 |a West Germany:   |b Friedrich Reber KG,   |c 1988. 
300 0 0 |a 4334p. 
650 0 0 |a Export  
651 0 0 |a European  
999 |a 0000003620  |b Book  |c Reference  |e Business Information Centre